Gravity Falls Characters? - Statistics

General Stats
  • This quiz has been taken 60 times
  • The average score is 12 of 15
Answers on the Grid
Answers color-coded by a green-red scale on the quiz's grid according to % correct below.
Stanford
William
Wendy
Dipper
Gideon
Steven
McGucket
Sterling
Durland
Gompers
Blubs
Eye witch
Mabel
Soos
Maple
Stanley
Gobblestomper
Dipster
Big Red
Jose
Bill
Willow
Johnson
Waddles
Harry
Pixies
Time Baby
Slader
Tony
Pacifica
 
Answer Stats
Answer % Correct
McGucket
96%
Stanford
96%
Dipper
94%
Mabel
92%
Wendy
92%
Gideon
90%
Soos
88%
Bill
85%
Stanley
83%
Pacifica
79%
Time Baby
77%
Waddles
71%
Blubs
56%
Durland
50%
Gompers
50%
No matching quizzes found
Score Distribution
Percent of People with Each Score
Percentile by Number Answered
Your Score History
You have not taken this quiz